Most Populous Cities in the Roman Empire - Statistics

General Stats
  • This quiz has been taken 2,292 times
    1,815 since last reset
  • The average score is 27 of 62
Answer Stats
Year Population Answer % Correct
500 BC 24,000 Rome
100%
400 BC 28,000 Rome
100%
300 BC 100,000 Rome
100%
200 BC 150,000 Rome
100%
100 BC 400,000 Rome
100%
1 AD 1,000,000 Rome
100%
100 AD 1,000,000 Rome
100%
200 AD 1,000,000 Rome
100%
300 AD 800,000 Rome
100%
400 AD 800,000 Rome
100%
400 AD 200,000 Constantinople
89%
200 AD 15,000 Byzantium
87%
300 AD 20,000 Byzantium
87%
100 BC 10,000 Athens
85%
100 AD 90,000 Athens
85%
200 AD 90,000 Athens
85%
100 AD 375,000 Alexandria
77%
200 AD 500,000 Alexandria
77%
100 AD 30,000 Milan
75%
400 AD 50,000 Milan
75%
100 AD 30,000 London
68%
200 AD 50,000 London
68%
200 BC 150,000 Carthage
64%
100 AD 200,000 Carthage
64%
200 AD 200,000 Carthage
64%
100 AD 30,000 Thessaloniki
43%
200 AD 30,000 Thessaloniki
43%
100 AD 25,000 Lyons
41%
200 AD 30,000 Lyons
41%
100 AD 90,000 Syracuse
41%
200 AD 90,000 Syracuse
41%
100 AD 200,000 Antioch
29%
200 AD 200,000 Antioch
29%
100 AD 70,000 Corinth
26%
100 AD 20,000 Cologne
21%
200 AD 20,000 Cologne
21%
100 AD 33,000 Ephesus
17%
100 AD 10,000 Trier
15%
200 AD 10,000 Trier
15%
300 AD 75,000 Trier
15%
100 AD 25,000 Ostia
12%
200 AD 30,000 Ostia
12%
200 BC 100,000 Capua
11%
100 BC 100,000 Capua
11%
100 AD 25,000 Capua
11%
100 AD 10,000 Arles
6%
200 AD 10,000 Arles
6%
400 AD 75,000 Arles
6%
200 AD 50,000 Nimes
6%
1 AD 100,000 Philippi
5%
100 AD 12,000 Aquileia
4%
200 AD 12,000 Aquileia
4%
100 AD 25,000 Augsburg
4%
200 AD 30,000 Augsburg
4%
100 AD 25,000 Salona
4%
200 AD 25,000 Salona
4%
1 AD 70,000 Autun
2%
100 AD 70,000 Autun
2%
100 AD 12,000 Carnuntum
2%
200 AD 12,000 Carnuntum
2%
1 AD 40,000 Pozzuoli
1%
100 AD 30,000 Pozzuoli
1%
No matching quizzes found
Score Distribution
Percent of People with Each Score
Percentile by Number Answered
Your Score History
You have not taken this quiz since the last reset